000
00305nam a22001337a 4500
008
170207b xxu||||| |||| 00| 0 eng d
020
_a
9781437722567
041
_a
eng
080
_2
12
_a
61
100
_a
4
101
_a
SHM
245
_a
INSURANCE HANDBOOK MEDICAL OFFICE
_c
ANDREW ALLEN
942
_2
udc
_c
BK
999
_c
4846
_d
4846